| 000 | 00457nam a2200193Ia 4500 | ||
|---|---|---|---|
| 008 | 210210b1935 xxu||||| |||| 00| 0 eng d | ||
| 041 | _aeng | ||
| 082 | _a825/188 | ||
| 100 | _aCLARK (A M) | ||
| 245 | _aAutobiography: its genesis and phases | ||
| 260 |
_aEdinburgh _bOliver & Boyd _c1935 |
||
| 650 | _aphases | ||
| 650 | _aits | ||
| 650 | _agenesis | ||
| 650 | _aAutobiography: | ||
| 650 | _aand | ||
| 690 | _aEnglish Criticism | ||
| 906 | _a014505 | ||
| 999 |
_c133695 _d133695 |
||